|
|
|
|
| LEADER |
00000nam0a2200000 4500 |
| 001 |
48857 |
| 005 |
20231101211155.0 |
| 035 |
|
|
|a (RuTPU)RU\TPU\book\51171
|
| 090 |
|
|
|a 48857
|
| 100 |
|
|
|a 20030324d1967 k y0rusy50 ca
|
| 101 |
0 |
|
|a rus
|
| 102 |
|
|
|a RU
|
| 105 |
|
|
|a a z 100zy
|
| 200 |
1 |
|
|a Автоматизация привода и управления машин
|e труды совещания, Москва, 9-13 июня 1964 г.
|f Государственный научно-исследовательский институт машиноведения; сост. В. М. Раскатов; отв. ред. В. И. Дикушин
|
| 210 |
|
|
|a Москва
|c Наука
|d 1967
|
| 215 |
|
|
|a 316 с.
|c ил.
|
| 300 |
|
|
|a Сост. и ред. указ. на обороте тит. л.
|
| 320 |
|
|
|a Библиогр. в конце докладов.
|
| 606 |
1 |
|
|a Приводные узлы
|2 stltpush
|3 (RuTPU)RU\TPU\subj\72978
|9 86284
|
| 610 |
1 |
|
|a машиностроение
|
| 610 |
1 |
|
|a машины
|
| 610 |
1 |
|
|a управление
|
| 610 |
1 |
|
|a приводы
|
| 610 |
1 |
|
|a автоматизация
|
| 610 |
1 |
|
|a инженерный труд
|
| 610 |
1 |
|
|a программное управление
|
| 610 |
1 |
|
|a транспортные устройства
|
| 610 |
1 |
|
|a совещания
|
| 675 |
|
|
|a 621.81-1/-9(063)
|v 3
|
| 702 |
|
1 |
|a Раскатов
|b В. М.
|g Вячеслав Михайлович
|4 220
|
| 702 |
|
1 |
|a Дикушин
|b В. И.
|4 340
|
| 712 |
0 |
2 |
|a Академия наук СССР
|b Государственный научно-исследовательский институт машиноведения им. А. А. Благонравова
|c (Москва)
|c (1962-1979)
|2 stltpush
|3 (RuTPU)RU\TPU\col\27800
|9 28893
|
| 712 |
1 |
2 |
|a Автоматизация привода и управления машин
|b совещание
|c труды
|d 4
|e Москва
|f 1964
|
| 801 |
|
1 |
|a RU
|b 63413507
|c 20030324
|g PSBO
|
| 801 |
|
2 |
|a RU
|b 63413507
|c 20220218
|g PSBO
|
| 942 |
|
|
|c BK
|